[Event "Wch-Seniors"]
[Site "Lignano Sabbiadoro ITA"]
[Date "2005.10.08"]
[Round "10"]
[White "Ollek,K"]
[Black "Schwertel,J"]
[Result "1/2-1/2"]
[WhiteElo "1807"]
[BlackElo "2068"]

1.Nf3 d5 2.g3 Nf6 3.Bg2 c6 4.c4 e6 5.b3 Be7 6.Bb2 O-O 7.O-O Nbd7 8.d4 Ne4
9.Nbd2 f5 10.Qc2 Ndf6 11.e3 Bd7 12.Ne5 Bb4 13.Rad1 Bxd2 14.Rxd2 Nxd2 15.Qxd2 Ne4
16.Qe2 Qe7 17.f3 Ng5 18.h4 Nf7 19.f4 Nxe5 20.fxe5 a6 21.a4 b5 22.Ra1 Rfb8
23.a5 Rb7 24.c5 g5 25.hxg5 Qxg5 26.Kf2 Kh8 27.Rh1 Rg8 28.Rh3 Be8 29.Qf3 Rbg7
30.Qf4 Qe7 31.Bf3 Rg4 32.Bxg4 Rxg4 33.Qh6 Rg6 34.Qh4 Qxh4 35.Rxh4 Kg7 36.b4 Rg5
37.Bc3 Bh5 38.Bd2 Kg6 39.e4 Rg4 40.Rxg4+ Bxg4 41.exd5 exd5 42.Bf4 Kf7 43.Bg5 Ke6
44.Be3  1/2-1/2

[Event "Wch-Seniors"]
[Site "Lignano Sabbiadoro ITA"]
[Date "2005.10.08"]
[Round "10"]
[White "Vasiukov,E"]
[Black "Klovans,J"]
[Result "1-0"]
[WhiteElo "2495"]
[BlackElo "2463"]

1.Nf3 d5 2.g3 Nf6 3.Bg2 c6 4.O-O Bg4 5.d3 e6 6.Nbd2 Be7 7.h3 Bh5 8.e4 O-O
9.Qe2 Nbd7 10.Re1 dxe4 11.dxe4 e5 12.b3 Re8 13.Bb2 Bc5 14.a3 a5 15.c3 Bf8
16.b4 c5 17.b5 Nb6 18.Rad1 Nfd7 19.c4 f6 20.Nf1 Qc7 21.Ne3 Be7 22.h4 Nf8
23.Bh3 Bf7 24.Rc1 Ne6 25.Nd5 Qd8 26.Bxe6 Bxe6 27.Nd2 Nd7 28.Rcd1 Qb8 29.Nf1 b6
30.Nfe3 Nf8 31.Rd3 Bd8 32.Red1 Kh8 33.Qh5 Ng6 34.Nf5 Rg8 35.Nde3 Ra7 36.Rd6 Bf7
37.Qg4 Bc7 38.h5 Nf8 39.h6 g6 40.Bxe5 fxe5 41.Qg5  1-0

[Event "2nd Bundesliga Mitte 2005-6"]
[Site "Austria AUT"]
[Date "2005.10.09"]
[Round "2"]
[White "Stuhlik,M"]
[Black "Benda,H"]
[Result "1/2-1/2"]
[WhiteElo "2261"]
[BlackElo "2328"]

1.g3 d5 2.Nf3 Nf6 3.Bg2 c5 4.O-O Nc6 5.d3 g6 6.c3 Bg7 7.Bf4 Nh5 8.Be3 d4
9.Bd2 O-O 10.Qc1 Qb6 11.Na3 Re8 12.Nc4 Qc7 13.cxd4 cxd4 14.b4 e6 15.b5 Ne7
16.g4 Nf6 17.Bf4 Qd8 18.h3 h5 19.gxh5 Nxh5 20.Be5 Nf5 21.Bxg7 Kxg7 22.e4 Nh4
23.Nxh4 Qxh4 24.f4 e5 25.fxe5 Bxh3 26.Bxh3 Qxh3 27.Qg5 Rh8 28.Nd6 Raf8 29.Nf5+ Kg8
30.Ne7+  1/2-1/2

[Event "Belgrade Premier League"]
[Site "Belgrade SCG"]
[Date "2005.10.09"]
[Round "9"]
[White "Kocic,S"]
[Black "Karaklajic,N"]
[Result "1/2-1/2"]
[WhiteElo "2257"]
[BlackElo "2353"]

1.Nf3 d5 2.g3 c6 3.Bg2 Bg4 4.O-O Nd7 5.d3 Ngf6 6.c4 dxc4 7.dxc4 Bxf3 8.exf3 e6
9.Qc2 Be7 10.f4 O-O 11.b3 Nc5 12.Rd1 Qc7 13.Bb2 Rfd8 14.Nc3 Rxd1+ 15.Rxd1 Rd8
16.b4 Rxd1+ 17.Nxd1 Ncd7 18.c5  1/2-1/2

[Event "FSIMA October"]
[Site "Budapest HUN"]
[Date "2005.10.09"]
[Round "9"]
[White "Pirisi,G"]
[Black "Varga,Cs2"]
[Result "1-0"]
[WhiteElo "2294"]
[BlackElo "2279"]

1.Nf3 d5 2.g3 Nf6 3.Bg2 c6 4.O-O Bf5 5.d3 Nbd7 6.c4 e6 7.Nc3 Qc7 8.cxd5 exd5
9.e4 Be6 10.exd5 Nxd5 11.Nd4 Bb4 12.Nxe6 fxe6 13.Qg4 Qd6 14.Nxd5 cxd5 15.Qxg7 O-O-O
16.d4 Rdg8 17.Qh6 Rg6 18.Qh4 Qb6 19.Bf4 Qxd4 20.Rfd1 Qxb2 21.Rab1 Qe2 22.Rdc1+ Bc5
23.Rxc5+ Nxc5 24.Qe7  1-0

[Event "Wch-Seniors"]
[Site "Lignano Sabbiadoro ITA"]
[Date "2005.10.09"]
[Round "11"]
[White "Zhelesny,S"]
[Black "Gutzeit,A"]
[Result "1/2-1/2"]
[WhiteElo "2277"]
[BlackElo "2091"]

1.Nf3 d5 2.g3 Nf6 3.Bg2 e6 4.d4 c5 5.c4 cxd4 6.cxd5 exd5 7.O-O Be7 8.Nxd4 O-O
9.Nc3 Nc6 10.a3 Be6 11.Bg5 h6 12.Bf4 Qd7 13.Nxe6 fxe6 14.Bh3 Rad8 15.e4 Kh7
16.exd5 Nxd5 17.Nxd5 Qxd5 18.Qxd5 exd5 19.Bc7 Ra8 20.Rad1 d4  1/2-1/2

[Event "Cupa ULIM"]
[Site "Kishinev MDA"]
[Date "2005.10.10"]
[Round "3"]
[White "Harbuz,D"]
[Black "Dergausov,D"]
[Result "1-0"]
[WhiteElo "2019"]
[BlackElo "2117"]

1.g3 d5 2.Nf3 c5 3.Bg2 Nc6 4.d3 Bf5 5.Nh4 Bg6 6.O-O e6 7.f4 Be7 8.Nf3 Nf6
9.Nbd2 O-O 10.h3 Rc8 11.Ne5 Nxe5 12.fxe5 Nd7 13.Nf3 Qc7 14.Bf4 Qb8 15.g4 Bd8
16.e3 Bc7 17.h4 h5 18.Ng5 hxg4 19.Qxg4 Nxe5 20.Bxe5 Bxe5 21.Nxe6 fxe6 22.Qxg6 Qd6
23.Bh3 Rf6 24.Rxf6 Bxf6 25.Rf1 Rf8 26.c3 Qe7 27.h5 Qe8 28.Rxf6  1-0

[Event "It B"]
[Site "Stepanakert ARM"]
[Date "2005.10.10"]
[Round "8"]
[White "Petrosian,TL"]
[Black "Lopez Martinez,J"]
[Result "1-0"]
[WhiteElo "2564"]
[BlackElo "2505"]

1.Nf3 d5 2.g3 c6 3.Bg2 Bf5 4.d3 e6 5.Nbd2 Nf6 6.O-O h6 7.b3 Be7 8.Bb2 O-O
9.Re1 a5 10.e4 Bh7 11.a4 Na6 12.e5 Nd7 13.Nd4 Qb6 14.Qe2 Nb4 15.Rec1 Rfe8
16.N2f3 Rac8 17.Qd2 Red8 18.Bf1 Qc7 19.Re1 Qb8 20.Ba3 c5 21.c3 Na6 22.Nb5 Nc7
23.d4 Be4 24.Qd1 Nxb5 25.Bxb5 Bf8 26.Nd2 Bg6 27.Qg4 cxd4 28.Bxf8 Kxf8 29.Qxd4 Qc7
30.Rac1 Qc5 31.b4 axb4 32.Qxc5+ Nxc5 33.cxb4 Nd3 34.Bxd3 Bxd3 35.Nb3 b6 36.Nd4 Ra8
37.Re3 Bc4 38.Ra3 Rd7 39.f4 Rda7 40.Rca1 g6 41.Kf2 h5 42.Ke3 Rc7 43.b5 Rca7
44.Kd2 Ke8 45.Kc3 Rc7 46.Kb4 Ra5 47.Rc1 Kd7 48.h3 Kc8 49.g4 hxg4 50.hxg4 Kb7
51.Rh3 Ra8 52.Rh7 Rf8 53.Rc3 Re8 54.Nc6 Rec8 55.Rh2 Bf1 56.Rf3 Bc4 57.f5 gxf5
58.gxf5 exf5 59.Rxf5 Bd3 60.Rf6 Be4 61.a5 bxa5+ 62.Nxa5+ Ka8 63.Ra2 Ra7 64.b6 Rb8
65.Kc5 Rc8+ 66.Kd4 Rc4+ 67.Ke3 Re7 68.Nxc4+  1-0

[Event "TCh-CZE Extraliga 2005-6"]
[Site "Czech Rep CZE"]
[Date "2005.10.15"]
[Round "1"]
[White "Gross,Dav CZE"]
[Black "Chytilek,R"]
[Result "1-0"]
[WhiteElo "2383"]
[BlackElo "2400"]

1.Nf3 d5 2.g3 Nc6 3.Bg2 e5 4.d3 Bg4 5.Nbd2 Qd7 6.c3 f6 7.O-O O-O-O 8.Qa4 h5
9.b4 Kb8 10.b5 Nce7 11.Nb3 Nc8 12.Be3 h4 13.Rfb1 Nb6 14.Qa5 hxg3 15.fxg3 g5
16.c4 d4 17.Bf2 Qh7 18.Nbd2 Nh6 19.Ne4 Be7 20.c5 Nd5 21.Nexg5 Qg6 22.Ne4 Nf5
23.Rb3 b6 24.Qa6 bxc5 25.Nxe5  1-0

[Event "TCh-CZE Extraliga 2005-6"]
[Site "Czech Rep CZE"]
[Date "2005.10.15"]
[Round "1"]
[White "Priborsky,I"]
[Black "Bazant,P sr"]
[Result "0-1"]
[WhiteElo "2288"]
[BlackElo "2310"]

1.Nf3 d5 2.g3 Nf6 3.Bg2 c6 4.b3 Bg4 5.Bb2 Nbd7 6.d3 Qc7 7.Nbd2 e5 8.e4 dxe4
9.dxe4 Bb4 10.O-O O-O 11.c3 Be7 12.Qc2 Rfe8 13.Nc4 Bf8 14.Rfe1 a5 15.Rad1 Nc5
16.Bc1 Ncxe4 17.Rxe4 Nxe4 18.Qxe4 f5 19.Qb1 e4 20.Bf4 Qe7 21.Re1 Bxf3 22.Bxf3 Qf6
23.Bg2 Qxc3 24.Ne3 Qf6 25.h4 h6 26.h5 Qf7 27.Bh3 Qxh5 28.Bxf5 Rad8 29.Bxe4 Bb4
30.Rf1 Qe2 31.Bg6 Rf8 32.Qe4 Rf6 33.Nd5 Re6 34.Qf5 Rf8 35.Bh7+ Kh8 36.Ne3 Rxf5
37.Bxf5 Re8 38.Bg6 Rf8 39.a4 Bc5 40.Ng2 Qg4 41.Bc2 Re8 42.Nh4 Kg8 43.Bf5 Qe2
44.Ng6 Kf7 45.Ne5+ Rxe5  0-1

[Event "It"]
[Site "Platja de Muro ESP"]
[Date "2005.10.15"]
[Round "8"]
[White "Mirzoev,A"]
[Black "Fernandez Romero,Ern"]
[Result "1/2-1/2"]
[WhiteElo "2520"]
[BlackElo "2442"]

1.Nf3 d5 2.g3 c6 3.Bg2 Nf6 4.O-O Bg4 5.d3 Nbd7 6.Nbd2 e6 7.h3 Bh5 8.e4 dxe4
9.dxe4 e5 10.Qe1 Bc5 11.b3 O-O 12.Bb2 Re8 13.Nc4 Qc7 14.Nh4 a5 15.a4  1/2-1/2

[Event "31st Guernsey Open"]
[Site "Cobo Bay GCI"]
[Date "2005.10.16"]
[Round "1"]
[White "Hickman,J"]
[Black "Dawson,J"]
[Result "1-0"]
[WhiteElo "2115"]
[BlackElo "1982"]

1.Nf3 d5 2.g3 Nf6 3.Bg2 c6 4.O-O Bf5 5.d3 Qc8 6.Nbd2 Na6 7.b3 Nc7 8.Bb2 Bh3
9.c4 Bxg2 10.Kxg2 e6 11.e4 Be7 12.Qe2 dxc4 13.dxc4 O-O 14.Ne5 Nce8 15.f4 b6
16.g4 c5 17.Rf3 g6 18.Raf1 Qb7 19.g5 Nh5 20.Rd3 Nd6 21.Ng4 Rfd8 22.Kg1 Ne8
23.Rh3 Bf8 24.Rxh5 Rxd2 25.Qxd2 gxh5 26.Qc3 Bg7 27.Nf6+ Bxf6 28.gxf6 Qxe4
29.Qg3+ Qg6 30.Rd1 Kh8 31.Qxg6 hxg6 32.Rd7 a6 33.a4 Rc8 34.Be5 Kg8 35.Kf2 Ra8
36.Ke2 Rc8 37.Rb7 Rd8 38.Rxb6 a5 39.Ra6 Kh7 40.Rxa5 g5 41.fxg5 Kg6 42.h4 Kf5
43.Rxc5 Kg4 44.g6  1-0

[Event "TCh-CZE Extraliga 2005-6"]
[Site "Czech Rep CZE"]
[Date "2005.10.16"]
[Round "2"]
[White "Vesselovsky,S"]
[Black "Orsag,Mil1"]
[Result "1/2-1/2"]
[WhiteElo "2409"]
[BlackElo "2408"]

1.Nf3 d5 2.g3 Nf6 3.Bg2 e6 4.O-O Be7 5.c4 O-O 6.d4 c5 7.cxd5 exd5 8.Nc3 Nc6
9.Bg5 cxd4 10.Nxd4 h6 11.Bf4 Bg4 12.h3 Be6 13.Rc1 Rc8 14.Nxe6 fxe6 15.e4 d4
16.e5 dxc3 17.exf6 Qxd1 18.Rfxd1 Bxf6 19.bxc3 Rfd8 20.Rxd8+ Nxd8 21.Be3 b6
22.c4 Be7 23.Rd1 Rxc4 24.Rd7 Kf8 25.Rxa7 Bc5 26.Bf1 Rc2 27.Bd3 Rc3 28.Bxc5+ Rxc5
29.Bg6 Rg5 30.Rd7 Rxg6 31.Rxd8+ Ke7 32.Rb8 e5 33.Rb7+ Kf8 34.Rb8+ Kf7 35.Rb7+ Kf8
36.Kg2 e4 37.Rb8+ Kf7 38.Rb7+ Kf8 39.Rb8+  1/2-1/2

[Event "31st Guernsey Open"]
[Site "Cobo Bay GCI"]
[Date "2005.10.17"]
[Round "2"]
[White "Morcom,H"]
[Black "Korneev,O"]
[Result "0-1"]
[WhiteElo "1965"]
[BlackElo "2601"]

1.Nf3 d5 2.g3 c6 3.Bg2 Bg4 4.d3 Nd7 5.h3 Bh5 6.O-O Ngf6 7.Nbd2 e5 8.c4 e4
9.dxe4 dxe4 10.Ng5 e3 11.fxe3 Qc7 12.Qe1 Bg6 13.Nge4 Nxe4 14.Nxe4 Nc5 15.Nxc5 Bxc5
16.Kh1 Qe5 17.Qf2 O-O 18.Qf4 Qe6 19.Kh2 Rad8 20.Qg4 Qe7 21.e4 Kh8 22.Bg5 f6
23.Bc1 Bxe4  0-1

[Event "Chigorin Mem"]
[Site "St Petersburg RUS"]
[Date "2005.10.17"]
[Round "3"]
[White "Chebotarev,O"]
[Black "Airapetian,G"]
[Result "1/2-1/2"]
[WhiteElo "2504"]
[BlackElo "2281"]

1.Nf3 d5 2.g3 Nf6 3.Bg2 c6 4.O-O Bg4 5.b3 Nbd7 6.Bb2 e6 7.d3 Bd6 8.Qe1 O-O
9.e4 dxe4 10.dxe4 e5 11.Nbd2 b5 12.h3 Bxf3 13.Nxf3 Qc7 14.Qe2 Nc5 15.Nh4 g6
16.Kh1 Rad8 17.Bc1 Ne6 18.c3 Rfe8 19.Nf3 Nc5 20.Nh2 a5 21.Ng4 Nxg4 22.hxg4 Ne6
23.g5 b4 24.cxb4 axb4 25.Be3 Bc5 26.f4 Bxe3 27.Qxe3 Qd6 28.Rac1 Qd2 29.Qf3 Rd3
30.Qg4  1/2-1/2

[Event "SCG First League w"]
[Site "Vrnjacka Banja SCG"]
[Date "2005.10.18"]
[Round "2"]
[White "Foisor,C"]
[Black "Korbut,E"]
[Result "1/2-1/2"]
[WhiteElo "2409"]
[BlackElo "2391"]

1.Nf3 d5 2.g3 Bg4 3.Bg2 Nd7 4.O-O c6 5.d4 e6 6.Nbd2 Ngf6 7.c4 Be7 8.b3 h6
9.Bb2 O-O 10.Ne5 Bf5 11.Re1 Qb6 12.Nxd7 Nxd7 13.e4 dxe4 14.Nxe4 Rad8 15.Qe2 Nf6
16.Nd2 Qc7 17.Nf1 Bg6 18.Ne3 Rd7 19.h4 Rfd8 20.Bf3 Be4 21.Red1 Bxf3 22.Qxf3 Qa5
23.c5 Qc7 24.Nc4 Rd5 25.Ne3 R5d7 26.Nc4 Rd5 27.Ne3 R5d7 28.Nc4 Rd5  1/2-1/2

[Event "Chigorin Mem"]
[Site "St Petersburg RUS"]
[Date "2005.10.20"]
[Round "6"]
[White "Obukhov,A"]
[Black "Lovkov,R"]
[Result "1/2-1/2"]
[WhiteElo "2528"]
[BlackElo "2365"]

1.Nf3 d5 2.g3 Nf6 3.Bg2 e6 4.O-O Bd6 5.c4 O-O 6.b3 Re8 7.Bb2 Nbd7 8.Qc2 c6
9.d3 Qe7 10.Nd4 Nf8 11.e4 e5 12.Nf5 Bxf5 13.exf5 N8d7 14.Nc3 d4 15.Ne4 Nxe4
16.Bxe4 Ba3 17.Rae1 a5 18.f4 Bxb2 19.Qxb2 Qd6 20.Qd2 exf4 21.Rxf4 Qb4 22.Qf2 Nf6
23.g4 a4 24.bxa4 Rxa4 25.Re2 Qb1+ 26.Kg2 Rea8 27.g5 Nh5 28.Rh4 g6 29.Bf3 Ng7
30.fxg6 hxg6 31.Qxd4 Rxa2 32.Re4 Nf5 33.Qf2 Rxe2 34.Bxe2 Qc1 35.Qf4 Qe1 36.Bf1 Ra2+
37.Kh3 Qf2 38.Re8+ Kh7 39.Qxf2 Rxf2 40.Bg2 Rd2 41.Be4 Nd6 42.Re7 Kg7 43.c5 Nxe4
44.dxe4 Rc2 45.Rxb7 Rxc5 46.Kg4 Rc1 47.Rc7 c5 48.Kf4 c4 49.h4 c3 50.Ke3 Kf8
51.Kd3 Rh1 52.Rxc3 Rxh4 53.Kd4 Rg4 54.Rc5  1/2-1/2

[Event "31st Guernsey Open"]
[Site "Cobo Bay GCI"]
[Date "2005.10.21"]
[Round "6"]
[White "Gravett,A"]
[Black "Westerkamp,B"]
[Result "1/2-1/2"]
[WhiteElo "1975"]
[BlackElo "2085"]

1.g3 d5 2.Nf3 c6 3.Bg2 Nf6 4.O-O g6 5.b3 Bg7 6.Bb2 O-O 7.d3 Nbd7 8.Nbd2 Qc7
9.a4 Re8 10.Re1 e5 11.e4 dxe4 12.dxe4 b5 13.a5 a6 14.b4 Bb7 15.c4 c5 16.cxb5 axb5
17.Qb3 c4 18.Rac1 Rac8 19.Qa3 Qd6 20.Red1 Qe7 21.a6 Ra8 22.a7 Bf8 23.Bc3 Qd8
24.Nxc4 bxc4 25.Nxe5 Rxe5 26.Bxe5 Qb6 27.Bxf6 Nxf6 28.Rxc4 Rxa7 29.Qc3 Ra2
30.Qd4 Qxd4 31.Rcxd4 Ng4 32.Rd7 Bc6 33.Rc7 Ba4 34.Rb1 Bc2 35.Rc1 Bd3 36.Rd7 Nxf2
37.e5 Bxb4 38.Rxf7 Ne4 39.e6 Bc5+ 40.Kh1 Nf2+ 41.Rxf2 Bxf2 42.Bd5 Re2 43.e7+ Kg7
44.Rc7 Kf6 45.e8=Q Rxe8 46.Rxh7 Re7 47.Rxe7 Kxe7 48.Kg2 Bc5 49.h4 Kf6 50.Kf3 Ke5
51.Bc6 Be7 52.Kg4 Be2+ 53.Bf3 Bxf3+ 54.Kxf3 Kf5 55.g4+ Ke5 56.g5 Bxg5 57.h5  1/2-1/2

[Event "Chigorin Mem"]
[Site "St Petersburg RUS"]
[Date "2005.10.21"]
[Round "7"]
[White "Karasev,V"]
[Black "Krasnov,Vas"]
[Result "1-0"]
[WhiteElo "2383"]
[BlackElo "2142"]

1.Nf3 d5 2.g3 c5 3.Bg2 Nc6 4.d4 Nf6 5.O-O Bg4 6.Ne5 cxd4 7.Nxg4 Nxg4 8.b4 a6
9.e4 Nf6 10.exd5 Nxd5 11.c4 Nc7 12.Bf4 Ne6 13.Bd2 Qd7 14.Na3 Ned8 15.c5 e5
16.Nc4 Qe6 17.Nb6 Rb8 18.f4 Be7 19.f5 Qd7 20.Nxd7 Kxd7 21.a4  1-0

[Event "4NCL 2005-6"]
[Site "Birmingham ENG"]
[Date "2005.10.22"]
[Round "1"]
[White "Martin,AD"]
[Black "Ansell,S"]
[Result "1-0"]
[WhiteElo "2433"]
[BlackElo "2383"]

1.Nf3 d5 2.g3 Nf6 3.Bg2 c6 4.O-O Bg4 5.b3 e6 6.Bb2 Be7 7.d3 O-O 8.Nbd2 a5
9.a3 Na6 10.c4 Nd7 11.Qc2 Bf6 12.d4 b5 13.e4 Rc8 14.Rfe1 Nb6 15.c5 Nd7 16.Re3 Nc7
17.e5 Be7 18.Rae1 Bf5 19.Qc1 f6 20.b4 a4 21.h3 h6 22.Qd1 Bh7 23.exf6 Bxf6
24.Nh2 Qe8 25.Ng4 Be7 26.Nf3 Be4 27.Nfe5 Bxg2 28.Kxg2 Nxe5 29.Nxe5 Bf6 30.Nd3 g5
31.Qg4 h5 32.Qe2 Qg6 33.Ne5 Bxe5 34.Rxe5 g4 35.Bc1 Rf5 36.hxg4 hxg4 37.Bf4 Re8
38.Rh1 Kf7 39.Rh4  1-0

[Event "Jababeka Women"]
[Site "Jakarta INA"]
[Date "2005.10.22"]
[Round "3"]
[White "Vidawati,S"]
[Black "Sukandar,I"]
[Result "0-1"]
[WhiteElo "2122"]
[BlackElo "2092"]

1.Nf3 d5 2.g3 Nf6 3.Bg2 Bg4 4.Ne5 Bf5 5.O-O c6 6.d3 Nbd7 7.Bf4 g6 8.Nc3 Bg7
9.e4 dxe4 10.Nxd7 Bxd7 11.dxe4 O-O 12.Qd2 Be6 13.Bh6 Bxh6 14.Qxh6 Qb6 15.b3 Rfd8
16.Rad1 Qc5 17.Qe3 Qxe3 18.fxe3 Ng4 19.Rfe1 Rxd1 20.Nxd1 Rd8 21.h3 Ne5 22.Nc3 Kf8
23.Rd1 Rxd1+ 24.Nxd1 Ke8 25.Kf2 Kd7 26.Ke2 Kd6 27.Kd2 Nd7 28.Nf2 Nf6 29.Nd3 Nd7
30.Kc3 f6 31.Kd4 c5+ 32.Kc3 g5 33.h4 Ne5 34.hxg5 fxg5 35.Nxe5 Kxe5 36.Bf3 b5
37.a3 g4 38.Bg2 a5 39.Kd3 c4+ 40.Kc3 h5 41.Bh1 cxb3 42.cxb3 Bd7 43.b4 a4
44.Bg2 Be8 45.Kd3 Bf7 46.Kc3 Bc4 47.Kd2 Kf6 48.Ke1 Kg5 49.Kf2 Bd3 50.Ke1 h4
51.gxh4+ Kxh4 52.Kf2 e5 53.Bh1 g3+ 54.Kg1 Kg4 55.Bg2 Be2 56.Bh1 Bf3 57.Bg2 Bxg2
58.Kxg2 Kh4 59.Kg1 Kg5 60.Kh1 Kh5 61.Kg1 Kh4 62.Kh1 Kh3 63.Kg1 g2 64.Kf2 Kh2  0-1

[Event "Chigorin Mem"]
[Site "St Petersburg RUS"]
[Date "2005.10.22"]
[Round "8"]
[White "Obukhov,A"]
[Black "Vunder,A"]
[Result "0-1"]
[WhiteElo "2528"]
[BlackElo "2252"]

1.Nf3 d5 2.g3 Nf6 3.Bg2 c5 4.O-O e6 5.c4 Be7 6.d4 O-O 7.cxd5 exd5 8.Nc3 Nc6
9.Bg5 cxd4 10.Nxd4 h6 11.Be3 Re8 12.Rc1 Bf8 13.Nb3 Be6 14.Na4 Rc8 15.Nac5 b6
16.Nd3 Bf5 17.Rxc6 Rxc6 18.Nd4 Qd7 19.Nxc6 Qxc6 20.Nf4 Be4 21.Bd4 Bxg2 22.Kxg2 Ne4
23.b3 Ng5 24.Qc1 Qd7 25.Qb2 Bd6 26.h4 Bxf4 27.hxg5 Qg4 28.gxh6 Rxe2 29.h7+ Kxh7
30.Rh1+ Kg8 31.Qc3 Be5 32.Bxe5 Qe4+ 33.Qf3 Qxe5 34.Rd1 Qe4 35.a4 Qxf3+ 36.Kxf3 Rb2
37.Rd3 Kf8 38.Kf4 Rxf2+ 39.Ke5 Ke7 40.Kxd5 Rf6 41.Kc4 a6 42.b4 Rc6+ 43.Kb3 Rd6
44.Re3+ Re6 45.Rf3 Re5 46.Kc4 Re4+ 47.Kc3 g6 48.Kb3 f5 49.Rc3 g5 50.b5 axb5
51.axb5 f4 52.gxf4 gxf4 53.Kc2 Kf6 54.Rc8 Re5 55.Rc6+ Kg5 56.Rxb6 f3  0-1

[Event "SCG First League m"]
[Site "Vrnjacka Banja SCG"]
[Date "2005.10.22"]
[Round "6"]
[White "Drasko,M"]
[Black "Fontaine,R"]
[Result "0-1"]
[WhiteElo "2528"]
[BlackElo "2507"]

1.Nf3 d5 2.g3 c6 3.Bg2 Bg4 4.O-O Nd7 5.d3 Ngf6 6.c4 e6 7.cxd5 cxd5 8.Nc3 Be7
9.Bd2 O-O 10.a3 Rc8 11.b4 Bxf3 12.Bxf3 d4 13.Na2 Nd5 14.Bxd5 exd5 15.Nc1 Bf6
16.Nb3 Re8 17.Rc1 Nf8 18.Kg2 b6 19.Re1 h5 20.Rxc8 Qxc8 21.Qc1 Qf5 22.Qc7 Ng6
23.Qxa7 h4 24.Qxb6 hxg3 25.fxg3 Qg4 26.Nc1 Nh4+ 27.Kh1 Nf5 28.Rg1 Be5 29.Be1 Rc8
30.Bf2 Bxg3 31.Nb3 Qxe2  0-1

[Event "SCG First League m"]
[Site "Vrnjacka Banja SCG"]
[Date "2005.10.22"]
[Round "6"]
[White "Djukic,Ni"]
[Black "Simic,R"]
[Result "1/2-1/2"]
[WhiteElo "2537"]
[BlackElo "2412"]

1.Nf3 d5 2.g3 Nf6 3.Bg2 g6 4.O-O Bg7 5.d4 O-O 6.c4 c6 7.cxd5 cxd5 8.Nc3 e6
9.Ne5 Nfd7 10.Nxd7 Bxd7 11.Be3 Nc6  1/2-1/2

[Event "SCG First League w"]
[Site "Vrnjacka Banja SCG"]
[Date "2005.10.22"]
[Round "6"]
[White "Chelushkina,I"]
[Black "Mladenovic,J"]
[Result "0-1"]
[WhiteElo "2315"]
[BlackElo "2156"]

1.g3 d5 2.Nf3 Bg4 3.Bg2 c6 4.d4 Nf6 5.Ne5 Bf5 6.O-O Nbd7 7.c4 e6 8.Nc3 Be7
9.h3 h5 10.Qb3 Qb6 11.Nxd7 Nxd7 12.c5 Qxb3 13.axb3 e5 14.e3 O-O 15.b4 Bf6
16.dxe5 Bxe5 17.Bd2 a5 18.Na4 axb4 19.Bxb4 Ra6 20.Nc3 Rfa8 21.Rxa6 Rxa6 22.Rd1 b6
23.cxb6 Rxb6 24.Ba3 Rb3 25.e4 Bxc3 26.exf5 Bxb2 27.Bd6 Be5 28.Be7 Bf6 29.Bd6 Ne5
30.Bf1 Nf3+ 31.Kg2 Nd4 32.Bd3 Nb5 33.Bf4 Nc3 34.Re1 c5 35.Re8+ Kh7 36.g4 hxg4
37.hxg4 c4 38.Bf1 Rb2 39.g5 Bd4 40.Bg3 Ne4 41.g6+ fxg6 42.fxg6+ Kxg6 43.Bxc4 Nxg3
44.Bxd5 Bxf2 45.Bf3 Nh5 46.Be4+ Kf7 47.Rc8 Bd4+ 48.Bc2 g5 49.Kf3 Nf6 50.Rc4 g4+
51.Kf4 Nd5+ 52.Ke4 g3 53.Rxd4 g2 54.Rd1 Nc3+  0-1

[Event "SCG First League m"]
[Site "Vrnjacka Banja SCG"]
[Date "2005.10.22"]
[Round "6"]
[White "Vukic,M"]
[Black "Pavlovic,Milo2"]
[Result "1-0"]
[WhiteElo "2467"]
[BlackElo "2438"]

1.Nf3 d5 2.g3 c5 3.Bg2 Nc6 4.c4 d4 5.d3 e5 6.O-O Bd6 7.e3 Nge7 8.exd4 exd4
9.Ng5 O-O 10.Ne4 Bf5 11.Nbd2 b6 12.Nxd6 Qxd6 13.Ne4 Qd7 14.Re1 Ng6 15.f4 Bg4
16.Qb3 Rac8 17.Bd2 h6 18.a3 Qc7 19.Qc2 a5 20.b4 axb4 21.axb4 cxb4 22.Qa4 Bd7
23.Bxb4 Nxb4 24.Qxb4 Bc6 25.Nd6 Bxg2 26.Nxc8 Qxc8 27.Kxg2 Nxf4+ 28.gxf4 Qg4+
29.Kh1 Qf3+ 30.Kg1 Qg4+ 31.Kf2 Qxf4+ 32.Ke2 Qe3+ 33.Kd1 Qxd3+ 34.Qd2 Qxc4
35.Qe2 Qd5 36.Ra3 Qd7 37.Qe4 Qb5 38.Ra8 Qb3+ 39.Ke2 Qb2+ 40.Kf1 Rxa8 41.Qxa8+ Kh7
42.Qe4+ g6 43.Kg1 Qd2 44.Rf1 Qa2 45.Qxd4 Qe6 46.Qf6  1-0

[Event "Open A"]
[Site "Arco HUN"]
[Date "2005.10.23"]
[Round "2"]
[White "Schaefer,Mi1"]
[Black "Sautto,A"]
[Result "0-1"]
[WhiteElo "2217"]
[BlackElo "1939"]

1.Nf3 d5 2.g3 Nf6 3.Bg2 c6 4.O-O Bf5 5.d3 e6 6.Nbd2 Be7 7.b3 h6 8.Bb2 O-O
9.c4 Nbd7 10.a3 a5 11.Ra2 Qb6 12.Qa1 Bh7 13.Ne5 Nxe5 14.Bxe5 Ne8 15.cxd5 exd5
16.Nf3 Bf6 17.b4 axb4 18.axb4 Rxa2 19.Qxa2 Qxb4 20.Rb1 Qe7 21.Bf4 Bf5 22.Qa8 g5
23.Be3 Nd6 24.Qa3 b5 25.Bc5 Rd8 26.e4 dxe4 27.dxe4 Qxe4 28.Rd1 Nb7 29.Rxd8+ Nxd8
30.h3 Qd3 31.Qa8 Be4 32.Nd4 Bxg2 33.Kxg2 Qe4+ 34.Kh2 Qd5 35.Bb6 Bxd4 36.Bxd8 Kh7
37.Kg1 Qf3 38.Qa2 Qxg3+  0-1

[Event "Bundesliga 2005-6"]
[Site "Baden Baden GER"]
[Date "2005.10.23"]
[Round "2"]
[White "Klimm,W"]
[Black "Vonthron,H"]
[Result "1/2-1/2"]
[WhiteElo "2287"]
[BlackElo "2339"]

1.Nf3 d5 2.g3 c5 3.Bg2 Nf6 4.O-O g6 5.c4 d4 6.b4 Bg7 7.Bb2 O-O 8.bxc5 Nc6
9.d3 Nd7 10.Ba3 e5 11.Nbd2 f5 12.Rb1 Re8 13.Ne1 Nf6 14.Nc2 a5 15.Nb3 h5 16.e3 a4
17.Nba1 h4 18.exd4  1/2-1/2

[Event "4NCL 2005-6"]
[Site "Birmingham ENG"]
[Date "2005.10.23"]
[Round "2"]
[White "Gourlay,I"]
[Black "Ledger,S"]
[Result "1/2-1/2"]
[WhiteElo "2363"]
[BlackElo "2171"]

1.Nf3 d5 2.g3 Nf6 3.Bg2 c6 4.b3 Bf5 5.Bb2 h6 6.d3 e6 7.Nbd2 Be7 8.O-O O-O
9.c4 Nbd7 10.a3 a5 11.Ra2 Bh7 12.Qa1 Nc5 13.Bc3 Ne8 14.Rc1 dxc4 15.bxc4 Bf6
16.Bxf6 Qxf6 17.Qxf6 Nxf6 18.Ne5 Rfd8 19.Rb2 Nfd7 20.Nxd7 Rxd7 21.Rcb1 f6
22.Rb6 Ra7 23.R6b2  1/2-1/2

[Event "II Open"]
[Site "Calvia ESP"]
[Date "2005.10.23"]
[Round "4"]
[White "Movsziszian,K"]
[Black "Suba,M"]
[Result "1/2-1/2"]
[WhiteElo "2461"]
[BlackElo "2512"]

1.g3 d5 2.Nf3 c6 3.Bg2 Bg4 4.b3 Nd7 5.Bb2 e6 6.O-O Ngf6 7.c4 Be7 8.d3 O-O
9.Nbd2 a5 10.a3 Qb8 11.Qc2 Rd8 12.Rfe1 Bh5 13.h3 Ne8 14.e4 dxe4 15.dxe4 Bg6
16.Nf1 h6 17.Rad1 Qc7 18.Nd4 Qb6 19.Kh2 Nc5 20.f4 Bh7 21.Qc3 Bf8 22.g4 Rd7
23.Ng3 Rad8 24.Bf3 e5 25.fxe5 Ne6 26.c5 Qxc5 27.Qxc5 Nxc5 28.Bc3 Nc7 29.Bxa5 Rxd4
30.Bxc7 Rd2+ 31.Kg1 R8d3 32.Rxd2 Rxd2 33.b4 Ne6 34.Bb6 Ra2 35.Re3 g6 36.Ne2 Bg7
37.Nd4 Nf4 38.Bc7 Nxh3+ 39.Kf1 Nf4 40.Rc3 Rd2 41.Nb3 Rd3 42.Rxd3 Nxd3 43.Na5 Bxe5
44.Bb6 Bb2 45.Be2 Ne5 46.a4 Nd7 47.Be3 b5 48.axb5 cxb5 49.Bxb5 Nf6 50.Bxh6 Bc3
51.Nc6 Nxe4 52.g5 Ng3+ 53.Kg2 Nf5 54.Bd3 Nxh6 55.gxh6 Bd2 56.b5 Bxh6 57.b6 Be3
58.b7 Bf4 59.b8=Q+ Bxb8 60.Nxb8 g5  1/2-1/2

[Event "Chigorin Mem"]
[Site "St Petersburg RUS"]
[Date "2005.10.23"]
[Round "9"]
[White "Loginov,Va"]
[Black "Orlov,Va"]
[Result "1/2-1/2"]
[WhiteElo "2527"]
[BlackElo "2437"]

1.Nf3 d5 2.g3 g6 3.Bg2 Bg7 4.d4 Nf6 5.c4 O-O 6.cxd5 Nxd5 7.O-O Nb6 8.Nc3 Nc6
9.e3 Re8 10.Nd2 e5 11.d5 Ne7 12.e4 c6 13.Nb3 cxd5 14.exd5 Nf5 15.Re1 Nc4
16.a4 Bd7 17.Ne4 Nfd6 18.Nbc5 Nxe4 19.Nxe4 Bf5 20.Bf1 Nd6 21.f3 Bxe4 22.fxe4 Rc8
23.a5 a6 24.Qa4 f5 25.exf5 Nxf5 26.Bg2 Bf8 27.Kh1 Bc5 28.Bd2 Bd4 29.Qb3 Nd6
30.Bh3 Nc4 31.Bc3 Bxc3 32.bxc3 Qxd5+ 33.Bg2 e4 34.Rad1 Qxa5 35.Qxb7 Rc7 36.Qb3 Qb5
37.Qxb5 axb5 38.Rxe4 Rxe4 39.Bxe4 Nb2 40.Rd5 Na4 41.Rxb5 Nxc3  1/2-1/2

[Event "SCG First League m"]
[Site "Vrnjacka Banja SCG"]
[Date "2005.10.23"]
[Round "7"]
[White "Bogosavljevic,B"]
[Black "Markovic,Iv SCG"]
[Result "1/2-1/2"]
[WhiteElo "2325"]
[BlackElo "2480"]

1.Nf3 d5 2.g3 Nf6 3.Bg2 c6 4.O-O Bf5 5.d3 e6 6.Nbd2 h6 7.Qe1 Be7 8.e4 Bh7
9.Qe2 O-O 10.b3 a5 11.a3 Re8 12.Bb2 Qc7 13.h3 a4 14.b4 c5 15.e5 Nfd7 16.b5 c4
17.dxc4 Nb6 18.cxd5 Qxc2 19.Bd4 Bd3 20.Qd1 Qxd1 21.Rfxd1 Nxd5 22.Bf1 Bxf1
23.Kxf1 Rc8  1/2-1/2

[Event "5th Rohde Open"]
[Site "Sautron FRA"]
[Date "2005.10.24"]
[Round "3"]
[White "Tratar,M"]
[Black "Borovikov,V"]
[Result "1/2-1/2"]
[WhiteElo "2440"]
[BlackElo "2576"]

1.Nf3 d5 2.g3 Bg4 3.Bg2 Nd7 4.O-O e6 5.b3 Ngf6 6.Bb2 Bd6 7.d4 O-O 8.Nbd2 Qe7
9.Ne5 Bh5 10.Qe1 Ba3 11.Bxa3 Qxa3 12.Nxd7 Nxd7 13.c4 c6 14.e3 Qe7  1/2-1/2